Statistics for NBA Players by Emoji

Click here to take the quiz!

General Stats

  • This quiz has been taken 166 times
  • The average score is 5 of 9

Answer Stats

HintAnswer% Correct
👑Lebron James
100%
🐍Kevin Durant
94%
🇬🇷Giannis Antetokounmpo
75%
👶🔪Steph Curry
73%
🧔🏽James Harden
39%
😛Michael Jordan
37%
St🗼Rudy Gobert
35%
🌎🔓World B. Free
23%
🔪🦁Manute Bol
15%

Score Distribution

Percentile by Number Answered

Percent of People with Each Score

Your Score History

You have not taken this quiz